000 00933nam a22001937a 4500
999 _c58493
_d58493
003 Ge_BSU
005 20220420173608.0
008 220420b ge ||||| |||| 00| 0 geo d
024 _a9789941941481
041 _ageo
080 _a821.133.1-32 ფ-97
100 _aფუკო, მიშელ
_913687
245 _aეს არ არის ჩიბუხი /
_cმიშელ ფუკო ; ფრანგულიდან თარგმნა ნატალია მთივლიშვილმა ; რედაქტორი მარინა ბალავაძე.
264 _aთბილისი :
_bაგორა,
_c2015.
300 _a100 გვ. :
_bილ. ;
_c17 სმ.
700 _aმთივლიშვილი, ნატალია
_eმთარგმნელი
_93065
700 _aბალავაძე, მარინა
_eრედაქტორი
_913688
942 _2udc
_cBK